000 01363nam a2200205Ia 4500
001 b6354-44769
003 IT-MiCISF
008 161014s9999||||xx |||||||||||||| ||und||
040 _aIT-MiCISF
_cIT-MiCISF
041 _ait
100 _aNapolitano Lucio
245 0 _aL'affidamento dei minori nei giudizi di separazione e divorzio
_bDall'affidamento esclusivo all'affidamento condiviso. Esperienze pregresse e novità legislativa a confronto
250 _a1a ed.
260 _a Torino
_bGiappichelli
_c2006
300 _app. XIV-332
500 _a / divorzio, figli-divorzio, affido-condiviso, potestà-genitoriale, diritto / Il libro affronta i problemi di diritto sostanziale e processuale dell'affidamento dei figli minori nelle cause di separazione e divorzio dei loro genitori. Con taglio pratico, ma allo stesso tempo attento all'inquadramento concettuale, il volume offre una organica lettura delle nuove norme in materia di affido condiviso dei figli. In tale contesto, il lavoro pone in particolare all'attenzione degli operatori del settore quelle prassi già segnalatesi come virtuose, che possono favorire il perseguimento dell'obiettivo di attuare un processo ragionevole, in un settore molto delicato quale quello dei conflitti familiari.
650 _a Famiglia nella società / divorzio
_e006
942 _cBK
957 _71
999 _a44769
_bsi
_g1
_c210697
_d210697